000 02005nam a22005177i 4500
999 _c59173
001 gvjslbskd9xrhv1f
003 LIBRIS
005 20220914082057.0
008 210521t20202019xxua|||||b||||001 0|eng|d
015 _aGBC045825
_2bnb
016 7 _a019756498
_2Uk
020 _a9780393358063
_qpaperback
020 _a0393358062
_qpaperback
035 _a(OCoLC)on1120093932
040 _aLi
_beng
_dUKMGB
_dOCLCO
_dOCLCF
_dOCLCQ
_dUV0
_dYDXIT
_dLi
_ei
_erda
041 _aeng
050 4 _aRC455.4.B5
082 0 4 _a616.89
_223
084 _aVla
_2kssb/8 (machine generated)
100 1 _aHarrington, Anne,
_d1960-
_4aut
245 1 0 _aMind fixers :
_bpsychiatry's troubled search for the biology of mental illness /
_cAnne Harrington.
264 1 _aNew York, NY :
_bW.W. Norton & Company,
_c2020
264 4 _c©2019
300 _axviii, 366 pages
_billustrations
_c21 cm
336 _atext
_btxt
_2rdacontent
337 _aunmediated
_bn
_2rdamedia
338 _avolume
_bnc
_2rdacarrier
504 _aIncludes bibliographical references and index.
650 7 _aPsykiska sjukdomar
_0https://id.kb.se/term/sao/Psykiska%20sjukdomar
_2sao
650 7 _aNeuropsykiatri
_0https://id.kb.se/term/sao/Neuropsykiatri
_2sao
650 0 _aNeuropsychiatry.
650 0 _aMental illness
_xPhysiological aspects.
650 2 _aMental Disorders
650 2 _aNeuropsychiatry
650 7 _aNeuropsychiatry.
_2fast
650 7 _aMental illness
_xPhysiological aspects.
_2fast
650 7 _aMental illness
_2lcsh
887 _a{"@id":"gvjslbskd9xrhv1f","modified":"2021-05-21T12:33:47.011+02:00","checksum":"155957296724"}
_2librisxl
887 _a{"@id":"n2q0sj7llt0d30tx","modified":"2021-05-21T12:33:53.124+02:00","checksum":"162304929356"}
_2librisxl
942 _2z
_cBOOK